000 00553nam a2200193 a 4500
001 20363
003 CO-ViMGA
008 141112s2004 ck r 000 u spa d
020 _a8426110963
040 _aCO-ViMGA
_bspa
_cCO-ViMGA
082 0 4 _aGRIc2
100 1 _aGrimm, Jacob
245 1 0 _aCuentos de Grimm
260 _aBarcelona :
_bJuventud,
_c2000
300 _a152p
590 _aForma de adquisición : Premio Min Cultura - - Precio : 24220 - - Fecha de adquisición : Febrero 2005
650 1 4 _aCUENTOS INFANTILES ALEMANES
942 _2ddc
_cBK
999 _c29370
_d29370